Score 0/30 Timer 03:00
0 Plays Today
Hint 4-Letter Word % Correct
❈ 42nd US president Clinton ❈BILL
98%
McCartney, Newman, or Revere, e.g.PAUL
96.8%
Small, round medicinal tabletPILL
95.9%
Spiritual or immaterial part of a being SOUL
95.1%
❈ Chowder, broth ❈SOUP
95%
First king of IsraelSAUL
93.8%
Bitter liver outputBILE
93.7%
Singers Natalie or Nat King, e.g.COLE
92.8%
❈ Unwanted garden plant ❈WEED
92.3%
❈ Stuffy-nose, sore-throat malady ❈COLD
92%
Funeral clothPALL
90.9%
❈ Expired, bereft of life ❈DEAD
90.7%
Legal document of ownershipDEED
90.2%
Small green citrusLIME
90.1%
See and comprehend writingREAD
89.7%
Hint 4-Letter Word % Correct
Queue of waiting peopleLINE
88.5%
Tree trunkBOLE
86.6%
Highway, thoroughfareROAD
85.8%
❈ Avian appendage ❈WING
82.7%
Twist a watch stemWIND
79.8%
❈ Crippled, gimpy ❈LAME
77.5%
❈ Long-bodied, cod-like fish ❈LING
76.6%
Amble by indirect routeWEND
75.4%
Fine, open fabricLACE
64.9%
Large crucifixROOD
64.4%
❈ Golf club for long drives ❈WOOD
63.7%
Open, uncultivated upland WOLD
60.2%
Mussolini: Il ___DUCE
52.4%
Ambassador/author Clare Boothe LUCE
51.2%
❈❈ COMMON BOND ❈❈DUCK
44.6%

Today's Daily Dose

You're not logged in!

Compare scores with friends on all Sporcle quizzes.
OR
Log In

Sporcle TV

Today on Sporcle TV


Watch our educational content, quiz creation guides, and fun videos on Sporcle TV.

Show Comments

Extras

Top Quizzes Today


Score Distribution

Your Account Isn't Verified!

In order to create a playlist on Sporcle, you need to verify the email address you used during registration. Go to your Sporcle Settings to finish the process.

Report this User

Report this user for behavior that violates our Community Guidelines.

Details: